000 00333cam a2200133ua 4500
041 _ahin
_h
082 _a891.43
_bMUL/HI
100 _aMulraj anand, .
245 _aHindustan ki kahani /
_cMulkraj anand.
_hTextual Documents
260 _a :
_bRajkamal prakashan ,
_c1958.
300 _a134 ; .
504 _a
999 _c11959
_d11959